00736nam a22001817a 4500003000900000008004100009040007100050082001800121100002700139245006600166260004200232300002800274440003800302505014500340650002600485650001400511650002900525AR-CdUCM190220b           ||||| |||| 00| 0 spa d  aMUNICIPALIDAD PROVINCIAL DEL CUSCOcBIBLIOTECA MUNICIPAL DEL CUSCO  a985.02 /bP85  aPrescott, Guillermo H.  aHistoria de la conquista del Perú /cPrescott, Guillermo H.  aLima - Perú :bEd. Universo,c1972.  a213 páginas ;c16 cm.  aColección Autores Peruanos.n36  aAspecto físico del país -- Orígenes del estado -- Manufactura -- Religión del Perú -- Astronomía -- Arte de la Navegación ...   aImperio de los incas.  aHistoria.  aÉpoca de la conquista.